[Event "RUS-chT Blitz Women 2018"]
[Site "Sochi"]
[Date "2018.10.10"]
[Round "7"]
[White "Schepetkova, Margarita"]
[Black "Sukhareva, Evgeniya"]
[Result "0-1"]
[WhiteElo "2219"]
[BlackElo "2125"]
[Annotator "TA"]
[PlyCount "93"]
[EventDate "2018.10.10"]
[EventType "swiss"]
[EventCountry "RUS"]
[SourceTitle "playchess.com"]
[Source "ChessBase"]
[SourceQuality "1"]

{[%evp 20,93,41,31,42,41,98,76,71,-5,-6,-30,-12,-13,-31,-25,0,5,37,0,-19,-31,-14,-28,-38,-48,126,-73,-14,-121,0,0,29,0,35,-83,-27,-66,-55,-507,-545,-531,-534,-527,-537,-746,-729,-781,-789,-763,-735,-942,-942,-890,-845,-736,-733,-842,-820,-1132,-1133,-1064,-951,-933,-547,-937,-940,-910,-896,-875,-875,-866,-844,-786,-752,-672]} 1. d4 Nf6 2. c4 e6 3. g3 c5 4. d5 exd5 5. cxd5 d6 6. Nc3 a6 7. Nf3 g6 8. Bg2 Bg7 9. a4 O-O 10. O-O Re8 11. Bf4 Qe7 {A62: Modern Benoni: Fianchetto Variation without early ...Nbd7} 12. Re1 Nfd7 (12... h6 $14) 13. Rb1 $146 ({Predecessor:} 13. e4 Qf8 14. Qd2 Ra7 15. Rab1 Nb6 16. b3 N8d7 17. a5 Na8 18. Na4 b5 19. axb6 Naxb6 20. Nxb6 Nxb6 {1-0 (34) Thomas,A (2049)-Kakulidis,E (1989) Bhubaneswar 2016}) 13... Ne5 {White is better.} 14. Nd2 ({Better is} 14. Bxe5 $16 Bxe5 15. Nxe5 Qxe5 16. Qd2) 14... Nbd7 $11 15. h3 Rb8 16. a5 b5 17. axb6 Rxb6 18. Qc2 Rb4 19. e4 a5 20. Be3 {Black should prevent Na2.} Ba6 21. Bf1 Bxf1 22. Kxf1 {aiming for Na2.} h5 $2 {[#]} (22... Nc4 $15 {keeps the upper hand.}) 23. Kg2 $2 (23. Na2 $1 $16 {is necessary to keep the advantage.}) 23... g5 (23... c4 $17) 24. f3 (24. Na2 $11 Rb7 25. Nc3) 24... h4 ({Black should try} 24... Ng6 $17 25. Rg1 Reb8) 25. gxh4 gxh4 26. f4 Ng6 27. Kh2 (27. Kh1 $1 $14 {stays ahead.}) 27... Nf6 (27... Bd4 $17 28. Qd3 Nf6) 28. Rg1 Nh5 29. Ne2 $2 {[%mdl 8192] [#]} (29. Rbf1 $15) 29... Rxe4 $1 $19 {Black is clearly winning.} 30. Nxe4 Qxe4 31. Qxe4 Rxe4 32. f5 Rxe3 33. fxg6 Rxe2+ 34. Rg2 Be5+ 35. Kg1 Rxg2+ 36. Kxg2 Nf4+ 37. Kf3 fxg6 38. Kg4 Nxd5 39. Ra1 Ne3+ 40. Kg5 Kg7 41. Rxa5 Bf6+ 42. Kf4 Nc4 43. Ra7+ Kh6 44. b3 Be5+ 45. Kg4 Nd2 46. Rb7 Bg3 47. Rb8 {Precision: White = 31%, Black = 39%.} 0-1

[Event "RUS-chT Blitz Women 2018"]
[Site "Sochi"]
[Date "2018.10.10"]
[Round "7"]
[White "Chan, Naruna"]
[Black "Zhurova, Anna"]
[Result "1-0"]
[WhiteElo "1967"]
[BlackElo "1947"]
[Annotator "NA RC"]
[PlyCount "62"]
[EventDate "2018.10.10"]
[EventType "swiss"]
[EventCountry "RUS"]
[SourceTitle "playchess.com"]
[Source "ChessBase"]
[SourceQuality "1"]
[TimeControl "180+2"]

1. e4 {[%emt 0:00:00]} c5 {[%emt 0:00:00]} 2. Nf3 {[%emt 0:00:01]} g6 {[%emt 0:00:00]} 3. c3 {[%emt 0:00:03]} Bg7 {[%emt 0:00:01]} 4. d4 {[%emt 0:00:02]} cxd4 {[%emt 0:00:01]} 5. cxd4 {[%emt 0:00:00]} d5 {[%emt 0:00:01]} 6. e5 {[%emt 0:00:01]} Nc6 {[%emt 0:00:02]} 7. Nbd2 {[%emt 0:00:06]} Nh6 {[%emt 0:00:04]} 8. Bb5 {[%emt 0:00:03]} O-O {[%emt 0:00:03]} 9. O-O {[%emt 0:00:06]} Bg4 {[%emt 0:00:09]} 10. h3 {[%emt 0:00:06]} Bf5 {[%emt 0:00:03]} 11. Bxc6 {[%emt 0:00:48]} bxc6 {[%emt 0:00:00]} 12. Nb3 {[%emt 0:00:09]} Be4 {[%emt 0:00:14]} 13. Ng5 {[%emt 0:00:11]} Qb6 {[%emt 0:00:43]} 14. Nxe4 {[%emt 0:00:12]} dxe4 {[%emt 0:00:02]} 15. Re1 {[%emt 0:00:03]} Rfd8 {[%emt 0:00:21]} 16. Rxe4 {[%emt 0:00:22]} Nf5 {[%emt 0:00:01]} 17. Qd3 {[%emt 0:00:23]} Rd5 {[%emt 0:00:45]} 18. Bd2 {[%emt 0:00:03]} Rad8 {[%emt 0:00:04]} 19. Bc3 {[%emt 0:00:01]} a5 {[%emt 0:00:09]} 20. Qc4 {[%emt 0:00:01]} Qc7 {[%emt 0:00:20]} 21. Rae1 {[%emt 0:00:02]} e6 {[%emt 0:00:11]} 22. Qa4 {[%emt 0:00:05]} h5 {[%emt 0:00:11]} 23. R4e2 {[%emt 0:00:07]} Kh7 {[%emt 0:00:02]} 24. Qc4 {[%emt 0:00:12]} Ra8 {[%emt 0:00:07]} 25. Re4 {[%emt 0:00:08]} a4 {[%emt 0:00:02]} 26. Nc5 {[%emt 0:00:01]} Rad8 {[%emt 0:00:03]} 27. g4 {[%emt 0:00:05]} hxg4 {[%emt 0:00:05]} 28. hxg4 {[%emt 0:00:01]} Ne7 {[%emt 0:00:03]} 29. Kg2 {[%emt 0:00:02]} Rh8 {[%emt 0:00:03]} 30. Rf4 {[%emt 0:00:07]} Kg8 {[%emt 0:00:01]} 31. Qxa4 {[%emt 0:00:07]} Rxc5 1-0

[Event "RUS-chT Blitz Women 2018"]
[Site "Sochi"]
[Date "2018.10.10"]
[Round "7"]
[White "Seregina, Maria"]
[Black "Soboleva, Anastasia"]
[Result "0-1"]
[WhiteElo "1923"]
[BlackElo "1769"]
[Annotator "NA"]
[PlyCount "61"]
[EventDate "2018.10.10"]
[EventType "swiss"]
[EventCountry "RUS"]
[SourceTitle "playchess.com"]
[Source "ChessBase"]
[SourceQuality "1"]
[TimeControl "180+2"]

1. f4 {[%emt 0:00:00]} e5 {[%emt 0:00:00]} 2. fxe5 {[%emt 0:00:00]} d6 {[%emt 0:00:01]} 3. exd6 {[%emt 0:00:01]} Bxd6 4. Nf3 Nc6 {[%emt 0:00:10]} 5. g3 {[%emt 0:00:08]} Ne5 {[%emt 0:00:24]} 6. d4 {[%emt 0:00:12]} Ng4 {[%emt 0:00:22]} 7. Qd3 {[%emt 0:00:43]} Ne7 {[%emt 0:00:48]} 8. e4 {[%emt 0:00:09]} Nc6 {[%emt 0:00:14]} 9. e5 {[%emt 0:00:05]} Bb4+ {[%emt 0:00:01]} 10. c3 {[%emt 0:00:05]} Be7 {[%emt 0:00:01]} 11. Bg2 {[%emt 0:00:11]} g6 {[%emt 0:00:10]} 12. Qe2 {[%emt 0:00:19]} h5 {[%emt 0:00:07]} 13. h3 {[%emt 0:00:23]} Nh6 {[%emt 0:00:01]} 14. Nbd2 {[%emt 0:00:11]} Nf5 {[%emt 0:00:01]} 15. Qf2 {[%emt 0:00:07]} h4 {[%emt 0:00:00]} 16. g4 {[%emt 0:00:03]} Ng3 {[%emt 0:00:01]} 17. Rg1 {[%emt 0:00:01]} f5 {[%emt 0:00:08]} 18. Nb3 {[%emt 0:00:14]} fxg4 {[%emt 0:00:01]} 19. hxg4 {[%emt 0:00:01]} Bxg4 {[%emt 0:00:01]} 20. Bf4 {[%emt 0:00:10]} Nf5 {[%emt 0:00:01]} 21. O-O-O {[%emt 0:00:10]} Qd7 {[%emt 0:00:08]} 22. d5 {[%emt 0:00:07]} Nb8 {[%emt 0:00:22]} 23. e6 {[%emt 0:00:02]} Qa4 {[%emt 0:00:01]} 24. Bxc7 Qxa2 25. Kc2 {[%emt 0:00:15]} Na6 {[%emt 0:00:02]} 26. Be5 {[%emt 0:00:03]} O-O-O {[%emt 0:00:08]} 27. Bxh8 {[%emt 0:00:02]} Rxh8 {[%emt 0:00:01]} 28. Rd2 {[%emt 0:00:03]} Rd8 {[%emt 0:00:05]} 29. Nfd4 {[%emt 0:00:02]} Nd6 {[%emt 0:00:03]} 30. Qxh4 {[%emt 0:00:06]} Nc4 {[%emt 0:00:01]} 31. Rb1 {[%emt 0:00:03]} 0-1

[Event "RUS-chT Blitz Women 2018"]
[Site "Sochi"]
[Date "2018.10.10"]
[Round "7"]
[White "Shestakova, Ekaterina"]
[Black "Sukhareva, Valentina"]
[Result "1-0"]
[WhiteElo "1886"]
[BlackElo "1817"]
[Annotator "NA"]
[PlyCount "57"]
[EventDate "2018.10.10"]
[EventType "swiss"]
[EventCountry "RUS"]
[SourceTitle "playchess.com"]
[Source "ChessBase"]
[SourceQuality "1"]
[TimeControl "180+2"]

1. e4 {[%emt 0:00:00]} d6 {[%emt 0:00:00]} 2. d4 {[%emt 0:00:00]} Nd7 {[%emt 0:00:02]} 3. f4 {[%emt 0:00:01]} g6 {[%emt 0:00:02]} 4. Nf3 {[%emt 0:00:01]} Bg7 {[%emt 0:00:02]} 5. Nc3 {[%emt 0:00:02]} c6 {[%emt 0:00:10]} 6. Bd3 {[%emt 0:00:05]} a6 {[%emt 0:00:09]} 7. Be3 {[%emt 0:00:17]} Ngf6 {[%emt 0:00:10]} 8. O-O {[%emt 0:00:03]} O-O {[%emt 0:00:09]} 9. h3 {[%emt 0:00:04]} b5 {[%emt 0:00:07]} 10. e5 {[%emt 0:00:06]} Ne8 {[%emt 0:00:14]} 11. Ne2 {[%emt 0:00:18]} c5 {[%emt 0:00:12]} 12. c3 {[%emt 0:00:03]} Bb7 {[%emt 0:00:07]} 13. Ng3 {[%emt 0:00:28]} e6 {[%emt 0:00:11]} 14. Be4 {[%emt 0:00:11]} Bxe4 {[%emt 0:00:05]} 15. Nxe4 {[%emt 0:00:02]} cxd4 {[%emt 0:00:11]} 16. Bxd4 {[%emt 0:00:16]} d5 {[%emt 0:00:45]} 17. Nc5 {[%emt 0:00:11]} Nc7 {[%emt 0:00:06]} 18. Nb7 {[%emt 0:00:16]} Qb8 {[%emt 0:00:03]} 19. Nd6 {[%emt 0:00:02]} Ne8 {[%emt 0:00:05]} 20. Nxe8 {[%emt 0:00:05]} Rxe8 {[%emt 0:00:02]} 21. Qe1 {[%emt 0:00:04]} Qc7 {[%emt 0:00:07]} 22. g4 {[%emt 0:00:12]} Nc5 {[%emt 0:00:03]} 23. Qe3 {[%emt 0:00:07]} Ne4 {[%emt 0:00:04]} 24. Ng5 {[%emt 0:00:06]} Nxg5 {[%emt 0:00:11]} 25. fxg5 {[%emt 0:00:03]} a5 {[%emt 0:00:05]} 26. Rf2 {[%emt 0:00:13]} Re7 {[%emt 0:00:04]} 27. Raf1 {[%emt 0:00:04]} Rf8 {[%emt 0:00:04]} 28. Bc5 {[%emt 0:00:08]} Bxe5 {[%emt 0:00:01]} 29. Bxe7 {[%emt 0:00:02]} 1-0